000 01532cam a2200253 4500
001 J126716
008 040706n2004 000 0 eng u
035 _a(Sirsi) u126716
041 _aeng
050 _a333.72
_c18
110 _aSustainable Buildings Task Group
_94645
245 _aBetter buildings - better lives
_bSustainable Buildings Task Group report
_h[electronic resource]
260 _a[S.l.]
_bDTI
_c2004
520 _aThe Sustainable Buildings Task Group was set up in 2003 to advise government on practical and cost effective measures to improve the sustainability of buildings. This report presents their findings and sets out key recommendations. These include a national code for sustainable building based on BREEAM and incorporating minimum standards in key resource efficiency criteria and a best practice guide for developing sustainable buildings to accompany PPS1. Other recommendations cover: the Building Regulations; existing building stock; information about buildings, timber and waste; labelling of construction materials and products; and fiscal incentives.
650 _aENERGY EFFICIENT
650 _aSUSTAINABLE CONSTRUCTION
650 _aSUSTAINABLE DEVELOPMENT
690 _aBUILDING AND CONSTRUCTION-SUSTAINABLE
710 _aUnited Kingdom
_bOffice of the Deputy Prime Minister
710 _aUnited Kingdom
_bDepartment of Trade and Industry
710 _aDEFRA
856 _uhttps://www.bis.gov.uk/files/file15151.pdf
_zView this item free of charge at www.bis.gov.uk
942 _n0
999 _c103641
_d103641